Countries of the World by Land and Maritime Borders in 90 seconds: with a map - Statistics

General Stats
  • This quiz has been taken 13,412 times
  • The average score is 158 of 196
Answers on the Map
Answers color-coded by a green-red scale on the quiz's map according to % correct below.
 
Answer Stats
Bordering Countries Country % Correct
Azerbaijan, Belarus, China, Estonia, Finland, Georgia, Japan, Kazakhs.., Latvia, Lithuan.., Mongoli.., North K.., Norway, Poland, Sweden, Turkey, Ukraine, United .. Russia
100%
Andorra, Belgium, Brazil, Germany, Italy, Luxembo.., Monaco, Netherl.., Spain, Surinam.., Switzer.., United .. France
99%
Bahamas, Canada, Cuba, Mexico, Russia United States
99%
Argentina, Bolivia, Colombi.., France, Guyana, Paragua.., Peru, Surinam.., Uruguay, Venezue.. Brazil
98%
United States Canada
98%
Afghanistan, Bhutan, Burma, India, Japan, Kazakhs.., Kyrgyzs.., Laos, Mongoli.., Nepal, North K.., Pakista.., Philipp.., Russia, South K.., Taiwan, Tajikis.., Vietnam China
98%
Bahamas, Haiti, Hondura.., Jamaica, Mexico, United .. Cuba
98%
Austria, Belgium, Czech R.., Denmark, France, Luxembo.., Netherl.., Poland, Sweden, Switzer.., United .. Germany
98%
Bangladesh, Bhutan, Burma, China, Indones.., Maldive.., Nepal, Pakista.., Sri Lan.., Thailan.. India
98%
Belize, Cuba, Guatema.., Hondura.., United .. Mexico
98%
Afghanistan, China, India, Iran, Oman Pakistan
98%
Algeria, Andorra, France, Italy, Morocco, Portuga.., United .. Spain
98%
Brazil, France, Guyana Suriname
98%
Italy, Libya, Mali, Maurita.., Morocco, Niger, Spain, Tunisia Algeria
97%
Argentina, Brazil, Chile, Paragua.., Peru Bolivia
97%
Brazil, Costa R.., Dominic.., Ecuador, Haiti, Hondura.., Jamaica, Nicarag.., Panama, Peru, Venezue.. Colombia
97%
Albania, Algeria, Austria, Croatia, France, Greece, Libya, Malta, Montene.., San Mar.., Sloveni.., Spain, Switzer.., Tunisia, Vatican.. Italy
97%
China, North K.., Philipp.., Russia, South K.., Taiwan Japan
97%
China, Kyrgyzs.., Russia, Turkmen.., Uzbekis.. Kazakhstan
97%
Algeria, Chad, Egypt, Greece, Italy, Malta, Niger, Sudan, Tunisia Libya
97%
China, Russia Mongolia
97%
Bangladesh, China, India, Laos, Thailan.. Myanmar
97%
China, India Nepal
97%
China, Japan, Russia, South K.. North Korea
97%
Denmark, Finland, Russia, Sweden, United .. Norway
97%
Bolivia, Brazil, Chile, Colombi.., Ecuador Peru
97%
Belarus, Czech R.., Denmark, Germany, Lithuan.., Russia, Slovaki.., Sweden, Ukraine Poland
97%
Denmark, Estonia, Finland, Germany, Latvia, Lithuan.., Norway, Poland, Russia Sweden
97%
Armenia, Azerbai.., Bulgari.., Cyprus, Egypt, Georgia, Greece, Iran, Iraq, Romania, Russia, Syria, Ukraine Turkey
97%
Belgium, Denmark, France, Germany, Ireland, Netherl.., Norway, Spain United Kingdom
97%
Bolivia, Brazil, Chile, Paragua.., Uruguay Argentina
96%
China, India Bhutan
96%
Australia, East Ti.., India, Malaysi.., Palau, Papua N.., Philipp.., Singapo.., Thailan.., Vietnam Indonesia
96%
Bahrain, Egypt, Eritrea, Iran, Iraq, Jordan, Kuwait, Oman, Qatar, Sudan, United .., Yemen Saudi Arabia
96%
Central African Republic, Chad, Egypt, Eritrea, Ethiopi.., Libya, Saudi A.., South S.. Sudan
96%
Belarus, Georgia, Hungary, Moldova, Poland, Romania, Russia, Slovaki.., Turkey Ukraine
96%
France, Germany, Luxembo.., Netherl.., United .. Belgium
95%
Cameroon, Chad, Democra.., Republi.., South S.., Sudan Central African Republic
95%
Angola, Burundi, Central.., Republi.., Rwanda, South S.., Tanzani.., Uganda, Zambia Democratic Republic of the Congo
95%
Germany, Norway, Poland, Sweden, United .. Denmark
95%
Cyprus, Greece, Israel, Jordan, Libya, Saudi A.., Sudan, Turkey Egypt
95%
Afghanistan, Armenia, Azerbai.., Bahrain, Iraq, Kuwait, Oman, Pakista.., Qatar, Saudi A.., Turkey, Turkmen.., United .. Iran
95%
Belgium, France, Germany, Saint K.., United .. Netherlands
95%
Argentina, Bolivia, Brazil Paraguay
95%
Central African Republic, Democra.., Ethiopi.., Kenya, Sudan, Uganda South Sudan
95%
Brazil, Colombi.., Dominic.., Dominic.., Guyana, Saint K.., Saint L.., Saint V.., Trinida.. Venezuela
95%
China, Iran, Pakista.., Tajikis.., Turkmen.., Uzbekis.. Afghanistan
94%
Estonia, Norway, Russia, Sweden Finland
94%
Iran, Jordan, Kuwait, Saudi A.., Syria, Turkey Iraq
94%
Algeria, Benin, Burkina.., Chad, Libya, Mali, Nigeria Niger
94%
Iran, Pakista.., Saudi A.., United .., Yemen Oman
94%
Angola, Cameroo.., Central.., Democra.., Gabon Republic of the Congo
94%
Burundi, Comoros, Democra.., Kenya, Malawi, Mozambi.., Rwanda, Seychel.., Uganda, Zambia Tanzania
94%
Argentina, Brazil Uruguay
94%
Cambodia, China, Indones.., Laos, Malaysi.., Philipp.., Thailan.. Vietnam
94%
Angola, Botswan.., Democra.., Malawi, Mozambi.., Namibia, Tanzani.., Zimbabw.. Zambia
94%
Democratic Republic of the Congo, Namibia, Republi.., Zambia Angola
93%
East Timor, Indones.., New Zea.., Papua N.., Solomon.. Australia
93%
Armenia, Georgia, Iran, Russia, Turkey, Turkmen.. Azerbaijan
93%
Latvia, Lithuan.., Poland, Russia, Ukraine Belarus
93%
Cameroon, Central.., Libya, Niger, Nigeria, Sudan Chad
93%
Finland, Latvia, Russia, Sweden Estonia
93%
Brazil, Surinam.., Trinida.., Venezue.. Guyana
93%
Algeria, Burkina.., Cote d'.., Guinea, Maurita.., Niger, Senegal Mali
93%
Algeria, Maurita.., Portuga.., Spain Morocco
93%
Australia, Federat.., Indones.., Solomon.. Papua New Guinea
93%
China, Indones.., Japan, Malaysi.., Palau, Taiwan, Vietnam Philippines
93%
Austria, France, Germany, Italy, Liechte.. Switzerland
93%
Burma, Cambodi.., India, Indones.., Laos, Malaysi.., Vietnam Thailand
93%
Democratic Republic of the Congo, Kenya, Rwanda, South S.., Tanzani.. Uganda
93%
Iran, Oman, Qatar, Saudi A.. United Arab Emirates
93%
Central African Republic, Chad, Equator.., Gabon, Nigeria, Republi.. Cameroon
92%
Armenia, Azerbai.., Russia, Turkey, Ukraine Georgia
92%
Albania, Bulgari.., Cyprus, Egypt, Italy, Libya, Macedon.., Turkey Greece
92%
Burma, Cambodi.., China, Thailan.., Vietnam Laos
92%
Belarus, Latvia, Poland, Russia, Sweden Lithuania
92%
Comoros, Madagas.., Malawi, South A.., Swazila.., Tanzani.., Zambia, Zimbabw.. Mozambique
92%
Botswana, Lesotho, Mozambi.., Namibia, Swazila.., Zimbabw.. South Africa
92%
Cuba, Haiti, United .. Bahamas
91%
Namibia, South A.., Zambia, Zimbabw.. Botswana
91%
Benin, Cote d'.., Ghana, Mali, Niger, Togo Burkina Faso
91%
Iran, Iraq, Saudi A.. Kuwait
91%
Belarus, Estonia, Lithuan.., Russia, Sweden Latvia
91%
Algeria, Cape Ve.., Mali, Morocco, Senegal Mauritania
91%
Angola, Botswan.., South A.., Zambia Namibia
91%
Benin, Cameroo.., Chad, Equator.., Ghana, Niger, Sao Tom.. Nigeria
91%
Bulgaria, Hungary, Moldova, Serbia, Turkey, Ukraine Romania
91%
Burundi, Democra.., Tanzani.., Uganda Rwanda
91%
Botswana, Mozambi.., South A.., Zambia Zimbabwe
91%
Czech Republic, Germany, Hungary, Italy, Liechte.., Slovaki.., Sloveni.., Switzer.. Austria
90%
Democratic Republic of the Congo, Rwanda, Tanzani.. Burundi
90%
Australia, Indones.. East Timor
90%
Djibouti, Eritrea, Kenya, Somalia, South S.., Sudan Ethiopia
90%
Egypt, Iraq, Israel, Saudi A.., Syria Jordan
90%
Bahrain, Iran, Saudi A.., United .. Qatar
90%
Djibouti, Ethiopi.., Saudi A.., Sudan, Yemen Eritrea
89%
Austria, Croatia, Romania, Serbia, Slovaki.., Sloveni.., Ukraine Hungary
89%
China, Kazakhs.., Tajikis.., Uzbekis.. Kyrgyzstan
89%
Djibouti, Eritrea, Oman, Saudi A.., Somalia Yemen
89%
Iran, Qatar, Saudi A.. Bahrain
88%
Greece, Macedon.., Romania, Serbia, Turkey Bulgaria
88%
Argentina, Bolivia, Peru Chile
88%
Djibouti, Ethiopi.., Kenya, Yemen Somalia
88%
Afghanistan, China, Kyrgyzs.., Uzbekis.. Tajikistan
88%
Bosnia and Herzegovina, Hungary, Italy, Montene.., Serbia, Sloveni.. Croatia
87%
Belize, Colombi.., Cuba, El Salv.., Guatema.., Mexico, Nicarag.. Honduras
87%
Ethiopia, Somalia, South S.., Tanzani.., Uganda Kenya
87%
South Africa Lesotho
87%
Mozambique, South A.. Swaziland
87%
Burkina Faso, Ghana, Niger, Nigeria, Togo Benin
86%
Egypt, Greece, Israel, Lebanon, Syria, Turkey Cyprus
86%
Cote d'Ivoire, Guinea-.., Liberia, Mali, Senegal, Sierra .. Guinea
86%
Albania, Bosnia .., Croatia, Italy, Kosovo, Serbia Montenegro
86%
Morocco, Spain Portugal
86%
Bosnia and Herzegovina, Bulgari.., Croatia, Hungary, Kosovo, Macedon.., Montene.., Romania Serbia
86%
China, Japan, North K.. South Korea
86%
Algeria, Italy, Libya Tunisia
86%
Afghanistan, Azerbai.., Iran, Kazakhs.., Uzbekis.. Turkmenistan
86%
Colombia, Ecuador, Nicarag.., Panama Costa Rica
85%
Burkina Faso, Ghana, Guinea, Liberia, Mali Côte d'Ivoire
85%
United Kingdom Ireland
85%
Australia, Fiji, Tonga New Zealand
85%
China, Japan, Philipp.. Taiwan
85%
Eritrea, Ethiopi.., Somalia, Yemen Djibouti
84%
Cape Verde, Gambia, Guinea, Guinea-.., Mali, Maurita.. Senegal
84%
Austria, Germany, Poland, Slovaki.. Czech Republic
83%
Brunei, Indones.., Philipp.., Singapo.., Thailan.., Vietnam Malaysia
83%
Belize, El Salv.., Hondura.., Mexico Guatemala
82%
Greece, Italy, Kosovo, Macedon.., Montene.. Albania
81%
Colombia, Costa R.., Peru Ecuador
81%
Cameroon, Equator.., Republi.., Sao Tom.. Gabon
81%
Benin, Burkina.., Cote d'.., Nigeria, Togo Ghana
81%
Austria, Croatia, Hungary, Italy Slovenia
81%
Australia, Papua N.., Vanuatu Solomon Islands
81%
Guatemala, Hondura.., Mexico Belize
80%
Austria, Czech R.., Hungary, Poland, Ukraine Slovakia
79%
Cyprus, Iraq, Israel, Jordan, Lebanon, Turkey Syria
79%
Azerbaijan, Georgia, Iran, Turkey Armenia
78%
Burma, India Bangladesh
78%
Albania, Bulgari.., Greece, Kosovo, Serbia Macedonia
78%
India, Sri Lan.. Maldives
78%
India, Maldive.. Sri Lanka
78%
Colombia, Costa R.., El Salv.., Hondura.. Nicaragua
77%
Colombia, Costa R.. Panama
77%
Belgium, France, Germany Luxembourg
75%
Croatia, Montene.., Serbia Bosnia and Herzegovina
74%
Madagascar, Mozambi.., Seychel.., Tanzani.. Comoros
74%
Benin, Burkina.., Ghana Togo
74%
Laos, Thailan.., Vietnam Cambodia
73%
Guatemala, Hondura.., Nicarag.. El Salvador
73%
Bahamas, Colombi.., Cuba, Dominic.., Jamaica Haiti
73%
Comoros, Mozambi.., Seychel.. Madagascar
72%
Romania, Ukraine Moldova
72%
Afghanistan, Kazakhs.., Kyrgyzs.., Tajikis.., Turkmen.. Uzbekistan
72%
Colombia, Cuba, Haiti Jamaica
71%
France, Spain Andorra
70%
0 Iceland
70%
Cyprus, Egypt, Jordan, Lebanon, Syria Israel
70%
Comoros, Madagas.., Mauriti.., Tanzani.. Seychelles
70%
Colombia, Haiti, Venezue.. Dominican Republic
69%
Cote d'Ivoire, Guinea, Sierra .. Liberia
69%
Albania, Macedon.., Montene.., Serbia Kosovo
65%
Guinea, Liberia Sierra Leone
65%
Federated States of Micronesia, Indones.., Philipp.. Palau
61%
Italy, Libya Malta
59%
Gambia, Maurita.., Senegal Cape Verde
57%
Guinea, Senegal Guinea-Bissau
57%
Cyprus, Israel, Syria Lebanon
56%
Cameroon, Gabon, Nigeria, Sao Tom.. Equatorial Guinea
55%
Mozambique, Tanzani.., Zambia Malawi
55%
Indonesia, Malaysi.. Singapore
55%
Cape Verde, Senegal Gambia
50%
Equatorial Guinea, Gabon, Nigeria São Tomé and Príncipe
50%
Federated States of Micronesia, Kiribat.., Nauru Marshall Islands
49%
France Monaco
49%
Fiji, Kiribat.. Tuvalu
49%
New Zealand, Tonga, Tuvalu, Vanuatu Fiji
48%
Italy San Marino
48%
Fiji, New Zea.., Samoa Tonga
48%
Italy Vatican City
48%
Marshall Islands, Nauru, Tuvalu Kiribati
47%
Kiribati, Marshal.. Nauru
46%
Marshall Islands, Palau, Papua N.. Federated States of Micronesia
44%
Fiji, Solomon.. Vanuatu
41%
Austria, Switzer.. Liechtenstein
38%
Tonga Samoa
32%
Barbados, Grenada, Guyana, Saint V.., Venezue.. Trinidad and Tobago
30%
Malaysia Brunei
29%
Barbados, Grenada, Saint L.., Trinida.., Venezue.. Saint Vincent and the Grenadines
29%
Seychelles Mauritius
26%
Antigua and Barbuda, Netherl.., Venezue.. Saint Kitts and Nevis
26%
Barbados, Saint V.., Venezue.. Saint Lucia
23%
Saint Lucia, Saint V.., Trinida.. Barbados
22%
Venezuela Dominica
21%
Saint Vincent and the Grenadines, Trinida.. Grenada
19%
Saint Kitts and Nevis Antigua and Barbuda
17%
No matching quizzes found
Score Distribution
Percent of People with Each Score
Percentile by Number Answered
Your Score History
You have not taken this quiz